000 00620nam a2200217Ii 4500
003 JO-AjNU
008 230606s9999||||xx |||||||||||||| ||und||
020 _a978-0-534-42362-9/0-534-42362-0
040 _aJO-AjNU
_beng
_erda
_cJO-AjNU
041 _aeng
050 1 4 _aT57.6.W647.2004
100 3 _aWinston,Wayne,
_eauthor
_9845
245 0 0 _aOPERATIONs Research Applications And Algorithms
250 _a4 ed
264 3 1 _aAustralia:Books/cole
300 _a1408p
336 _atext
_btxt
_2rdacontent
337 _aunmediated
_bn
_2rdamedia
338 _avolume
_bnc
_2rdacarrier
650 4 _aOPERATION PESEARCH
_9846
999 _aE447
_c447
_d447